Statistiken für Zufällige deutsche Landkreise Mäusejagd!

Klicken Sie hier um das Quiz zu spielen!

Allgemein

  • Dieses Quiz wurde 5.781 mal gespielt
  • Das Durchschnittsergebnis liegt bei 4 aus 10

Antworten auf der Karte

Die Antworten werden auf der Karte rot bzw. grün angezeigt, abhängig davon wie oft sie richtig erraten wurden.
 

Antwortstatistiken

Landkreis% Korrekt
Kassel
100%
Hamburg
85%
München
85%
Städteregion Aachen
83%
Stuttgart
83%
Bremen
82%
Dresden
81%
Schleswig-Flensburg
81%
Berlin
80%
Region Hannover
78%
Cuxhaven
76%
Potsdam
75%
Trier-Saarburg
75%
Erfurt
74%
Rostock
73%
Vogtlandkreis
73%
Potsdam-Mittelmark
72%
Bochum
71%
Dortmund
71%
Hildesheim
70%
Köln
69%
Nürnberger Land
68%
Augsburg
67%
Göttingen
67%
Nordwestmecklenburg
67%
Regionalverband
Saarbrücken
67%
München
66%
Görlitz
65%
Mönchengladbach
65%
Karlsruhe
64%
Freiburg im Breisgau
63%
Augsburg
62%
Vorpommern-Rügen
62%
Vulkaneifel
61%
Essen
60%
Merzig-Wadern
60%
Bielefeld
59%
Erzgebirgekreis
59%
Hof
59%
Stade
59%
Teltow-Fläming
59%
Mainz
58%
Cham
57%
Chemnitz
57%
Konstanz
57%
Altenburger Land
56%
Darmstadt
56%
Kaiserslautern
56%
Passau
56%
Schwerin
56%
Waldshut
56%
Halle (Saale)
55%
Leipzig
55%
Mittelsachsen
55%
Neu-Ulm
55%
Uckermark
55%
Emmendingen
54%
Rems-Murr-Kreis
54%
Ulm
54%
Viersen
54%
Bamberg
53%
Duisburg
53%
Gießen
53%
Jena
53%
Kassel
53%
Harz
52%
Berchtesgadener Land
50%
Bodenseekreis
50%
Celle
50%
Cloppenburg
50%
Coesfeld
50%
Emsland
50%
Enzkreis
50%
Erlangen
50%
Frankfurt am Main
50%
Greiz
50%
Herzogtum Lauenburg
50%
Leipzig
50%
Lüchow-Dannenberg
50%
Mainz-Bingen
50%
Münster
50%
Neumarkt i.d.OPf
50%
Nordsachsen
50%
Nürnberg
50%
Offenbach
50%
Oldenburg
50%
Oldenburg
50%
Osnabrück
50%
Osnabrück
50%
Ostholstein
50%
Rhein-Neckar-Kreis
50%
Saarlouis
50%
Straubing-Bogen
50%
Traunstein
50%
Wiesbaden
50%
Wittenberg
50%
Würzburg
50%
Würzburg
50%
Barnim
47%
Bottrop
47%
Braunschweig
47%
Darmstadt-Dieburg
47%
Düsseldorf
47%
Frankfurt (Oder)
47%
Freyung-Grafenau
47%
Fürth
47%
Helmstedt
47%
Hochsauerlandkreis
47%
Kyffhäuserkreis
47%
Landshut
47%
Leer
47%
Märkischer Kreis
47%
Meißen
47%
Minden-Lübbecke
47%
Pforzheim
47%
Saalekreis
47%
Vorpommern-Greifswald
47%
Aschaffenburg
46%
Harburg
46%
Remscheid
46%
Solingen
46%
Erlangen-Höchstadt
45%
Freising
45%
Fürth
45%
Heilbronn
45%
Ludwigsburg
45%
Mayen-Koblenz
45%
Rostock
45%
Schweinfurt
45%
Tübingen
45%
Uelzen
45%
Weimarer Land
45%
Bergstraße
44%
Flensburg
44%
Günzburg
44%
Heinsberg
44%
Magdeburg
44%
Mühldorf am Inn
44%
Vogelsbergkreis
44%
Bautzen
43%
Eisenach
43%
Lindau (Bodensee)
43%
Lüneburg
43%
Schmalkalden-Meiningen
43%
Starnberg
43%
Steinfurt
43%
Wesel
43%
Wolfenbüttel
43%
Dahme-Spreewald
42%
Elbe-Elster
42%
Grafschaft Bentheim
42%
Heidelberg
42%
Rhein-Kreis Neuss
42%
Schwalm-Eder-Kreis
42%
Ammerland
41%
Heidenheim
41%
Mannheim
41%
Pfaffenhofen a. d. Ilm
41%
Siegen-Wittgenstein
41%
Ansbach
40%
Cottbus
40%
Freudenstadt
40%
Fürstenfeldbruck
40%
Gera
40%
Germersheim
40%
Krefeld
40%
Miltenberg
40%
Odenwaldkreis
40%
Regen
40%
Rhön-Grabfeld
40%
Schwäbisch Hall
40%
Schwandorf
40%
Trier
40%
Unterallgäu
40%
Weimar
40%
Zwickau
40%
Bayreuth
39%
Bonn
39%
Havelland
39%
Ingolstadt
39%
Lörrach
39%
Coburg
38%
Deggendorf
38%
Euskirchen
38%
Garmisch-Partenkirchen
38%
Kaiserslautern
38%
Kempten (Allgäu)
38%
Kiel
38%
Lübeck
38%
Main-Tauber-Kreis
38%
Miesbach
38%
Nordfriesland
38%
Oberbergischer Kreis
38%
Oder-Spree
38%
Roth
38%
Rottal-Inn
38%
Segeberg
38%
Wilhelmshaven
38%
Baden-Baden
37%
Eifelkreis Bitburg-Prüm
37%
Pinneberg
37%
Spree-Neiße
37%
Cochem-Zell
36%
Diepholz
36%
Ennepe-Ruhr-Kreis
36%
Kronach
36%
Lahn-Dill-Kreis
36%
Ludwigslust-Parchim
36%
Mansfeld-Südharz
36%
Ostallgäu
36%
Passau
36%
Rheingau-Taunus-Kreis
36%
Dachau
35%
Fulda
35%
Gotha
35%
Groß-Gerau
35%
Hohenlohekreis
35%
Höxter
35%
Lippe
35%
Mecklenburgische
Seenplatte
35%
Neustadt a.d. Waldnaab
35%
Rendsburg-Eckernförde
35%
Saarpfalz-Kreis
35%
Zweibrücken
35%
Ahrweiler
33%
Ansbach
33%
Dithmarschen
33%
Düren
33%
Friesland
33%
Gelsenkirchen
33%
Gifhorn
33%
Haßberge
33%
Oberallgäu
33%
Oberhausen
33%
Pirmasens
33%
Regensburg
33%
Rhein-Sieg-Kreis
33%
Sächsische Schweiz -
Osterzgebirge
33%
Salzlandkreis
33%
Soest
33%
St. Wendel
33%
Waldeck-Frankenberg
33%
Wesermarsch
33%
Wolfsburg
33%
Worms
33%
Wuppertal
33%
Karlsruhe
32%
Salzgitter
32%
Bamberg
31%
Birkenfeld
31%
Börde
31%
Ebersberg
31%
Hochtaunuskreis
31%
Jerichower Land
31%
Ostalbkreis
31%
Paderborn
31%
Steinburg
31%
Stendal
31%
Westerwaldkreis
31%
Aurich
30%
Bayreuth
30%
Brandenburg an der Havel
30%
Ravensburg
30%
Rosenheim
30%
Aschaffenburg
29%
Eichsfeld
29%
Landsberg am Lech
29%
Landshut
29%
Märkisch-Oderland
29%
Neckar-Odenwald-Kreis
29%
Northeim
29%
Oberspreewald-Lausitz
29%
Olpe
29%
Plön
29%
Recklinghausen
29%
Schwarzwald-Baar-Kreis
29%
Altenkirchen
(Westerwald)
28%
Bad Kissingen
28%
Koblenz
28%
Limburg-Weilburg
28%
Rotenburg (Wümme)
28%
Schaumburg
28%
Alzey-Worms
27%
Bremerhaven
27%
Heilbronn
27%
Herne
27%
Hof
27%
Holzminden
27%
Leverkusen
27%
Neumünster
27%
Prignitz
27%
Saale-Orla-Kreis
27%
Südwestpfalz
27%
Warendorf
27%
Breisgau-Hochschwarzwald
26%
Nienburg (Weser)
26%
Bad Tölz-Wolfratshausen
25%
Biberach
25%
Göppingen
25%
Kleve
25%
Neunkirchen
25%
Offenbach am Main
25%
Ostprignitz-Ruppin
25%
Rhein-Pfalz-Kreis
25%
Tuttlingen
25%
Bad Kreuznach
24%
Kusel
24%
Landau in der Pfalz
24%
Lichtenfels
24%
Marburg-Biedenkopf
24%
Ortenaukreis
24%
Reutlingen
24%
Rhein-Lahn-Kreis
24%
Verden
24%
Wunsiedel i.
Fichtelgebirge
24%
Böblingen
23%
Borken
23%
Ilm-Kreis
23%
Unna
23%
Calw
22%
Donau-Ries
22%
Hamm
22%
Heidekreis
22%
Herford
22%
Osterholz
22%
Rhein-Erft-Kreis
22%
Suhl
22%
Weilheim-Schongau
22%
Dessau-Roßlau
21%
Dillingen a.d. Donau
21%
Emden
21%
Gütersloh
21%
Regensburg
21%
Rottweil
21%
Vechta
21%
Amberg-Sulzbach
20%
Esslingen
20%
Forchheim
20%
Goslar
20%
Hagen
20%
Oberhavel
20%
Rastatt
20%
Rosenheim
20%
Speyer
20%
Tirschenreuth
20%
Werra-Meißner-Kreis
20%
Alb-Donau-Kreis
19%
Delmenhorst
19%
Frankenthal (Pfalz)
19%
Hildburghausen
19%
Schwabach
19%
Wartburgkreis
19%
Erding
18%
Hersfeld-Rotenburg
18%
Peine
18%
Saale-Holzland-Kreis
18%
Sonneberg
18%
Weißenburg-Gunzenhausen
18%
Wetteraukreis
18%
Altmarkkreis Salzwedel
17%
Eichstätt
17%
Ludwigshafen am Rhein
17%
Main-Taunus-Kreis
17%
Rheinisch-
Bergischer Kreis
17%
Straubing
17%
Südliche Weinstraße
17%
Burgenlandkreis
16%
Main-Kinzig-Kreis
16%
Neustadt a.d. Aisch -
Bad Windsheim
16%
Unstrut-Hainich-Kreis
16%
Bad Dürkheim
15%
Coburg
15%
Main-Spessart
15%
Neuwied
15%
Saalfeld-Rudolstadt
15%
Kaufbeuren
14%
Kitzingen
14%
Kulmbach
14%
Sigmaringen
14%
Anhalt-Bitterfeld
13%
Donnersbergkreis
13%
Memmingen
13%
Mülheim an der Ruhr
13%
Sömmerda
13%
Neustadt an
der Weinstraße
12%
Weiden i. d. OPf.
12%
Wittmund
12%
Altötting
11%
Dingolfing-Landau
11%
Mettmann
11%
Neuburg-Schrobenhausen
11%
Bernkastel-Wittlich
10%
Nordhausen
10%
Stormarn
10%
Aichach-Friedberg
9%
Zollernalbkreis
8%
Hameln-Pyrmont
7%
Rhein-Hunsrück-Kreis
7%
Schweinfurt
7%
Amberg
6%
Kelheim
0%

Verteilung der Resultate

Perzentil nach korrekt beantworteten Fragen

Anzahl Personen mit jedem Resultat

Ihre Resultats-Entwicklung

Sie haben dieses Quiz noch nicht gespielt